000 00943nas a2200301 4500
001 BR0402866
003 BR-BrBNA
005 20231205104611.0
007 ta
008 230509b bl.|||p| |||| 00| 00por d
040 _aBR-BrBNA
_bpor
_cBiblioteca Nacional de Agricultura
041 _a(Pt)
072 _aK10; C30
100 1 _aRosot, M.A.D.
100 1 _aDisperati, A.A.
100 1 _aFigueiredo Filho, A.
245 1 _aMedição de áreas transversais em ánalise de tronco através de técnicas de análise de imagem: uma simulação
650 _aÁRVORE FLORESTAL
650 _aÁREA BASAL
650 _aMEDIÇÃO
650 _aSIMULAÇÃO
650 _aCRESCIMENTO
650 _aPROCESSAMENTO DA INFORMAÇÃO
650 _aMODELO MATEMÁTICO
773 0 _tRevista Árvore (Brazil)
_xISSN 0100-6762
_g(Apr-Jun 2001), v. 25(2) p. 231-239
_wBR0402866
909 _a202311
_bLúcia
_c55
_dLúcia Elande
942 _2AGRIS
_n0
_cANA
999 _c178901
_d178901